| 000 | 00611nam a2200181Ia 4500 | ||
|---|---|---|---|
| 003 | GCL | ||
| 008 | 140319s9999 xx 000 0 ara d | ||
| 040 |
_aGCL / _cGCL |
||
| 082 | 0 | 4 |
_a227 _bاا |
| 100 | 1 | _aابى الحسن على بن محمد | |
| 245 | 1 | 0 |
_aالنكت والعيون تفسير الماوردى / _cابى الحسن على بن محمد |
| 700 | 1 | _aالمارودى, ابو الحسن على البصرى | |
| 260 |
_a[S.N] : _bدار الكتب العلمية للنشر والتوزيع |
||
| 300 | _a548 ص | ||
| 490 | _a | ||
| 650 | 0 | 4 | _aالقران - تفسير |
| 942 |
_2ddc _cBK |
||
| 999 |
_c54430 _d54430 |
||